000 00629nam a2200205 i 4500
001 183414
003 ES-MaACL
005 20250815070200.0
008 140416s1913 it | |||| ||ita d
080 _a821.131.1-82"17"
100 1 _aParini, Giuseppe (
_d1729-1799)
_9130856
245 1 0 _aProse.
_nI /
_cGiuseppe Parini ; a cura di Egidio Bellorini.
260 _aBari :
_bGius. Laterza & Figli,
_c1913.
300 _a384 p. ;
_c21 cm.
490 1 _aScrittori d'Italia ;
_v55
700 1 _aBellorini, Egidio.
_927271
830 0 0 _aScrittori d'Italia
_v55
_9191925
852 _aES-MaACL
_jG-3756
999 _c183414
_d183414